LEADER 01552nam a2200289 i 4500 001 000000250932 003 CaOOAMICUS 005 20220520105840.0 008 160826s1764 it u000 u ita u 013 $a229837 026 $ao-il o-25 e.on Nute (3) 1764 (R) 040 $aSeMil$bita 100 1 $aPerrimezzi, Giuseppe Maria,$d<1670-1740>.$0(OLS)http://semarc/name/5659 245 13$aLa vita di san Francesco di Paola fondatore dell'Ordine de' Minimi, scritta da monsignor Giuseppe-Maria Perrimezzi dello stess'ordine .. 250 $aDi nuovo ristampata, e ridotta a miglior uso di lingua italiana. 260 $aVenezia ; ed in Milano :$bNella Stamperia di Giuseppe Mazzucchelli, success. Malatesta,$c1764. 300 $a[16], 398, [2] p. ;$c4°. 500 $aFregi, iniz. xilogr. - Testo su due colonne 500 $aSegn.: *8 A-2B8 600 04$aFrancesco : da Paola .$0(OLS)http://semarc/subject/1931 700 1 $aMalatesta,$c.$0(OLS)http://semarc/name/12327 700 1 $aMazzucchelli, Giuseppe,$c.$0(OLS)http://semarc/name/14914 850 $aSeMil 852 $aSeMil$W1$xVenegono$y1$m3J III 71 FA$j201278$B201278$CSeMilBibl$Z2$F213039 $8I 996 $6245$aLa vita di san Francesco di Paola fondatore dell'Ordine de' Minimi, scritta da monsignor Giuseppe-Maria Perrimezzi dello stess'ordine ..$9(OLS)http://semarc/title/48929 996 $6260$aVenezia ; ed in Milano :$bNella Stamperia di Giuseppe Mazzucchelli, success. Malatesta$9(OLS)http://semarc/publisher/39760 LEADER 00782nam a2200205 i 4500 001 000000074968 003 CaOOAMICUS 005 20070611000000.0 008 070611s1943 it u000 u ita u 013 $a46140 040 $aSeMil$bita 100 1 $aNiccodemi, Dario.$0(OLS)http://semarc/name/37070 245 13$aLa maestrina :$bcommedia in tre atti /$cDario Niccodemi. 260 $a[Milano] :$bGarzanti,$c1943. 300 $a217 p. ;$c20 cm. 650 4$aCommedia italiana - Testi.$0(OLS)http://semarc/subject/15293 850 $aSeMil 852 $aSeMil$W1$xVenegono$y1$m1D V 5$j41120$B41120$CSeMilBibl$Z2$F41124 $81 996 $6245$aLa maestrina :$bcommedia in tre atti$9(OLS)http://semarc/title/121629 996 $6260$a[Milano] :$bGarzanti$9(OLS)http://semarc/publisher/31829